| 000 | 00684nam a2200217 u 4500 | ||
|---|---|---|---|
| 005 | 20220904195124.0 | ||
| 008 | 140428s2011 mx r 000 0 spa d | ||
| 020 | _a9786071111227 | ||
| 035 | _aUPN01000196971 | ||
| 049 | _aCG | ||
| 050 | 4 |
_aPR9619.3 H3.2 _bL4.9 |
|
| 100 | 1 |
_aHearn, Lian, _d1942- _935496 |
|
| 245 | 1 | 0 |
_aLeyendas de los Otori : _bcon la hierba de almohada / _cLian Hearn ; tr. Mercedes Núñez. |
| 260 |
_aMéxico : _bAlfaguara, _c2011. |
||
| 300 | _a333 p. | ||
| 440 | 0 |
_aAlfaguara juvenil ; _v2 |
|
| 534 |
_pTítulo original: _tTales of the Otori, grass for his pillow |
||
| 650 | 0 |
_aNovela juvenil australiana _923087 |
|
| 905 | _aLibro | ||
| 999 |
_c169072 _d169072 |
||